CONSTITUTION OF INDIA M.C.Q. (FOR ALL COMPETITIVE EXAM) (Record no. 876722)

MARC details
000 -LEADER
fixed length control field 00454pam a2200169a 44500
008 - FIXED-LENGTH DATA ELEMENTS--GENERAL INFORMATION
fixed length control field 230405s2023 xxu||||| |||| 00| 0 eng d
041 ## - LANGUAGE CODE
Language code of text/sound track or separate title ENG
100 ## - MAIN ENTRY--PERSONAL NAME
Personal name BAZMOUL SAMEENA
245 ## - TITLE STATEMENT
Title CONSTITUTION OF INDIA M.C.Q. (FOR ALL COMPETITIVE EXAM)
250 ## - EDITION STATEMENT
Edition statement 1ST 2021 Ed.
260 ## - PUBLICATION, DISTRIBUTION, ETC.
Place of publication, distribution, etc. Allhabad
Name of publisher, distributor, etc. Asia Law House Hyderabad
Date of publication, distribution, etc. 2023
300 ## - PHYSICAL DESCRIPTION
Extent 1-403p.
440 ## - SERIES STATEMENT/ADDED ENTRY--TITLE
Title 495.00
650 ## - SUBJECT ADDED ENTRY--TOPICAL TERM
Topical term or geographic name entry element CONSTITUTIONAL LAW
690 ## - LOCAL SUBJECT ADDED ENTRY--TOPICAL TERM (OCLC, RLIN)
Topical term or geographic name as entry element FIVE YEAR LAW
906 ## - LOCAL DATA ELEMENT F, LDF (RLIN)
a 5127
Holdings
Withdrawn status Lost status Damaged status Not for loan Collection Home library Current library Date acquired Total Checkouts Full call number Barcode Date last seen Price effective from Koha item type Date last checked out
          New Law College, Sangli New Law College, Sangli 18/03/2023   345.54/BAZ NLS-PL-2236 12/09/2023 12/09/2023 Book  
          New Law College, Sangli New Law College, Sangli 18/03/2023 1 345.54/BAZ NLS-PL-2235 19/09/2024 12/09/2023 Book 13/05/2024